| 000 | 00864 a2200265 4500 | ||
|---|---|---|---|
| 020 | _a0201178338 | ||
| 020 | _a9780201178333 | ||
| 082 | 0 | 4 | _a519.5 |
| 090 |
_c477 _d477 |
||
| 100 | 1 | _aWeiss, Neil A & Hassett, Matthew J. | |
| 245 | 1 | 0 |
_aIntroductory statistics 3rd ed / _cNeil A & Hassett, Matthew J Weiss. |
| 250 | _a3Rev Ed ed. | ||
| 260 |
_a[S.l.] : _bAddison-Wesley, _c1991. |
||
| 300 |
_a958 p. ; _c25 cm. |
||
| 500 | _aImport. | ||
| 500 | _aHardcover. | ||
| 650 | 4 | _aProbability & statistics. | |
| 650 | 4 | _aMathematical Statistics. | |
| 650 | 4 | _aMathematics. | |
| 650 | 4 | _aScience/Mathematics. | |
| 650 | 4 | _aStatistics. | |
| 856 | 4 | 0 |
_3Amazon.com _uhttp://www.amazon.com/exec/obidos/ASIN/0201178338/chopaconline-20 |
| 856 | 4 | 0 |
_3Amazon customer reviews _uhttp://www.chopac.org/cgi-bin/tools/azrev.pl?q=0201178338 |
| 942 |
_aNBS _cBK _k519.5 WEI |
||
| 999 |
_c343036 _d343036 |
||